• 首页
  • 本馆介绍
  • 公告通知
  • 最新文献
  • 馆藏检索
  • 电子资源
  • 读者导购
  • 参考咨询
  • 我的图书馆
  • 登录
  • 详细信息显示
  • 放入我的书架
  • 预约/预借图书
  • 作者相关作品
  • 分类相关作品
  • 丛书相关作品
  • 出版社相关作品

书目信息

  • 表格格式
  • 工作单格式
  • 卡片格式
题名:
西部基础教育现状与发展研究
    
 
作者: 王秀云 , 从春侠 主编
分册:  
出版信息: 北京   民族出版社  2001.09
页数: 450页
开本: 32开
丛书名:
单 册:
中图分类: G629.21
科图分类:
主题词: 基础教育--研究--西北地区
电子资源:
ISBN: 7-105-04626-0
000 00648nam0 2200205 45
001 0210220879
005 20031219104058.8
010    @a7-105-04626-0@dCNY32.00
100    @a20021022d2001 km y0chiy0120 ea
101 0  @achi
105    @a z 000yy
200 1  @a西部基础教育现状与发展研究@AXi Bu Ji Chu Jiao Yu Xian Zhuang Yu Fa Zhan Yan Jiu@f王秀云,从春侠主编@FWang Xiu Yun,Cong Chun Xia Zhu Bian
210    @a北京@c民族出版社@d2001.09
215    @a450页@d32开
606 0  @a基础教育@x研究@y西北地区
690    @aG629.21@v4
701    @a王秀云@4主编
701  0 @a从春侠@4主编
801    @aCN@bTSTC@c20021022
905    @b315905-907@dG629.21@f3@e121
    
    西部基础教育现状与发展研究/王秀云,从春侠主编.-北京:民族出版社,2001.09
    450页;32开
    
    
    ISBN 7-105-04626-0:CNY32.00
    
●
相关链接 在E读中查询图书 在五车中查询图书 在当当中查询图书 在豆瓣中查询图书


正题名:西部基础教育现状与发展研究     索取号:G629.21/121         预约/预借

序号 登录号 条形码 馆藏地/架位号 状态 备注
1 0315905   203159054   第四借阅区/ [索取号:G629.21/121] 在馆    
2 0315906   203159063   第四借阅区/ [索取号:G629.21/121] 在馆    
3 0315907   203159072   第一样本阅览室/ [索取号:G629.21/121] 在馆    
唐山师范学院图书馆 欢迎您!
大连网信软件有限公司© 版权所有